Foreign Agriculture (Record no. 8059)

MARC details
000 -LEADER
fixed length control field 00349nam a2200133Ia 4500
022 ## - INTERNATIONAL STANDARD SERIAL NUMBER
ISSN 0015-7163
245 #0 - TITLE STATEMENT
Title Foreign Agriculture
260 ## - PUBLICATION, DISTRIBUTION, ETC. (IMPRINT)
Name of publisher U S Dept of Agriculture
Place of publication Washington
310 ## - CURRENT PUBLICATION FREQUENCY
Current publication frequency F
500 ## - GENERAL NOTE
General note Ending Volume & Year: 1989,
500 ## - GENERAL NOTE
General note Starting Volume & Year: 1979,
942 ## - ADDED ENTRY ELEMENTS (KOHA)
Koha item type Bound Journal
Holdings
Withdrawn status Lost status Damaged status Not for loan Home library Current library Date acquired Accession Number Koha item type
      Bound journals RRII Library RRII Library 31/12/2021 08028J Bound Journal